Claire Etcherelli, Un temps déraisonnable. Ed. du Félin, 2003, 286 pages, 20 € (notice n° 1619333)
[ vue normale ]
| 000 -LEADER | |
|---|---|
| fixed length control field | 00698cam a2200157 4500500 |
| 005 - DATE AND TIME OF LATEST TRANSACTION | |
| control field | 20260111090637.0 |
| 041 ## - LANGUAGE CODE | |
| Language code of text/sound track or separate title | fre |
| 042 ## - AUTHENTICATION CODE | |
| Authentication code | dc |
| 100 10 - MAIN ENTRY--PERSONAL NAME | |
| Personal name | Campana, Marie-Noëlle |
| Relator term | author |
| 245 00 - TITLE STATEMENT | |
| Title | Claire Etcherelli, Un temps déraisonnable. Ed. du Félin, 2003, 286 pages, 20 € |
| 260 ## - PUBLICATION, DISTRIBUTION, ETC. | |
| Date of publication, distribution, etc. | 2003.<br/> |
| 500 ## - GENERAL NOTE | |
| General note | 66 |
| 520 ## - SUMMARY, ETC. | |
| Summary, etc. | RésuméL’humanité est confrontée à l’urgence absolue de retrouver Souffle. Ce lieu-là, ce lieu extrême, est celui de l’Evangile, du grand Avènement. Il est notre présent. |
| 786 0# - DATA SOURCE ENTRY | |
| Note | Études | 399 | 11 | 2003-11-01 | p. 557c-575c | 0014-1941 |
| 856 41 - ELECTRONIC LOCATION AND ACCESS | |
| Uniform Resource Identifier | <a href="https://shs.cairn.info/revue-etudes-2003-11-page-557c?lang=fr&redirect-ssocas=7080">https://shs.cairn.info/revue-etudes-2003-11-page-557c?lang=fr&redirect-ssocas=7080</a> |
Pas d'exemplaire disponible.




Réseaux sociaux